000 00704cab a2200265 4500
001 X1444
008 090401t1994 xxu||||| |||| 00| 0 eng d
035 _a(Sirsi) u17146
041 _aeng
245 _aMembers` affairs: divisional council
260 _c1994
350 _a0
490 _aCSM (Chartered Surveyor Monthly)
_v3(7) April 1994, 48(1)
650 _aAPC
_96216
650 _aARCHITECTS DIRECTIVE
650 _aARCHITECTS REGISTRATION
650 _aDESIGN SERVICES
650 _aELECTION
650 _aLOSS ADJUSTERS
650 _aMEMBERS AFFAIRS
650 _aOFFICERS
690 _aMANAGEMENT-BUSINESS MANAGEMENT-PROFESSIONAL PRACTICE
942 _n0
948 _c04/03/1997
999 _c11368
_d11368